000 00684nam a2200205Ii 4500
003 JO-AjNU
008 230605s9999||||xx |||||||||||||| ||und||
040 _aJO-AjNU
_bara
_erda
_cJO-AjNU
041 _aara
050 1 4 _aBP190.5.N4
100 3 _aالعفيفي، طه عبد الله,
_eauthor
_935076
245 0 0 _aحق الجار
264 3 1 _aالقاهرة: دار الاعتصام، د.ت
300 _a126ص
336 _atext
_btxt
_2rdacontent
337 _aunmediated
_bn
_2rdamedia
338 _avolume
_bnc
_2rdacarrier
490 0 _aسلسلة الحقوق 6
650 4 _aالاخلاق الاسلامية- حقوق الجار- الاسلام والمجتمع
_935077
999 _aA14445
_c18013
_d18013